[Event "Varennes"]
[Site "Varennes CAN"]
[Date "2013.11.09"]
[Round "3"]
[White "Nikulich, Oleksandr"]
[Black "Chiku-Ratte, Olivier-Kenta"]
[Result "0-1"]
[WhiteElo "2098"]
[BlackElo "2236"]
[PlyCount "108"]
[EventDate "2013.11.08"]
[EventType "swiss"]
[EventRounds "5"]
[EventCountry "CAN"]

1. e4 c5 2. Ne2 Nc6 3. d4 cxd4 4. Nxd4 d6 5. c4 Nf6 6. Nc3 g6 7. Be2 Bg7 8. Be3
O-O 9. O-O Nxd4 10. Bxd4 Bd7 11. Qd2 Bc6 12. f3 a5 13. Rfc1 Nd7 14. Bxg7 Kxg7
15. Nd5 Kg8 16. Kh1 Nc5 17. b3 Bxd5 18. exd5 Qb6 19. Re1 Qb4 20. Rad1 Na6 21.
Bd3 Rfe8 22. Bb1 Qxd2 23. Rxd2 a4 24. Rde2 axb3 25. axb3 Kf8 26. f4 Nb4 27. f5
b5 28. fxg6 hxg6 29. h4 Ra3 30. Re3 bxc4 31. bxc4 Rxe3 32. Rxe3 Rc8 33. Re4
Nxd5 34. cxd5 Rc1+ 35. Kh2 Rxb1 36. Rd4 f5 37. g4 Kf7 38. gxf5 gxf5 39. h5 Kf6
40. h6 Rb8 41. Rh4 Kg5 42. Rh3 Rh8 43. h7 Kg6 44. Rg3+ Kxh7 45. Re3 Kg6+ 46.
Kg3 Kf7 47. Kf4 Rh4+ 48. Kxf5 Rh5+ 49. Kf4 Rxd5 50. Rh3 Re5 51. Rh1 Ke8 52. Ra1
Rb5 53. Ke4 Kd7 54. Ra7+ Ke6 0-1

[Event "Varennes"]
[Site "Varennes CAN"]
[Date "2013.11.10"]
[Round "4"]
[White "Chiku-Ratte, Olivier-Kenta"]
[Black "Tomb, Maroun"]
[Result "1-0"]
[WhiteElo "2236"]
[BlackElo "2200"]
[PlyCount "81"]
[EventDate "2013.11.08"]
[EventType "swiss"]
[EventRounds "5"]
[EventCountry "CAN"]

1. d4 c5 2. d5 e5 3. e4 d6 4. Nc3 a6 5. a4 Be7 6. Nf3 Bg4 7. g3 Nd7 8. a5 Bxf3
9. Qxf3 Bg5 10. Bxg5 Qxg5 11. h4 Qd8 12. Bh3 Ne7 13. h5 h6 14. Qg4 Rg8 15. O-O
g6 16. hxg6 Rxg6 17. Qh5 Ng8 18. Nd1 Rg5 19. Qf3 h5 20. Kh2 Nh6 21. Ne3 Nf6 22.
Bf5 Nfg4+ 23. Bxg4 Nxg4+ 24. Kg2 Nxe3+ 25. fxe3 Qe7 26. Rh1 O-O-O 27. Rxh5 Kb8
28. Rah1 Rdg8 29. Rxg5 Qxg5 30. Rh5 Qg7 31. Rf5 Rf8 32. Rf6 Kc7 33. Qf5 Qg8 34.
c4 Qg7 35. g4 Qg8 36. g5 Qg7 37. Kg3 Kb8 38. Rxd6 Rh8 39. Rf6 Rh1 40. Qxe5+ Ka7
41. Rxa6+ 1-0

[Event "Varennes"]
[Site "Varennes CAN"]
[Date "2013.11.10"]
[Round "5"]
[White "Sambuev, Bator"]
[Black "Chiku-Ratte, Olivier-Kenta"]
[Result "1-0"]
[WhiteElo "2586"]
[BlackElo "2236"]
[PlyCount "115"]
[EventDate "2013.11.08"]
[EventType "swiss"]
[EventRounds "5"]
[EventCountry "CAN"]

1. d4 Nf6 2. Nf3 c5 3. e3 b6 4. Bd3 Bb7 5. O-O g6 6. c4 Bg7 7. d5 d6 8. e4 O-O
9. Nc3 e6 10. h3 exd5 11. exd5 a6 12. a4 Nbd7 13. Bf4 Qc7 14. Bh2 Rfe8 15. Nd2
Re7 16. a5 Rae8 17. axb6 Nxb6 18. Qc2 Nfd7 19. Nf3 Nf6 20. Ng5 h6 21. Nge4 Nc8
22. Nd2 Nd7 23. Nb3 Ne5 24. Bxe5 Bxe5 25. f4 Bxc3 26. Qxc3 f5 27. Na5 Ba8 28.
Rf3 Re3 29. Qf6 Qg7 30. Qxg7+ Kxg7 31. Kf2 Rxf3+ 32. Kxf3 h5 33. Kf2 Na7 34.
Re1 Rxe1 35. Kxe1 Kf6 36. Kf2 Nc8 37. Kg3 g5 38. fxg5+ Kxg5 39. h4+ Kg6 40. Kf4
Ne7 41. Be2 Kh6 42. g3 Kg6 43. Bd1 Kh6 44. Ba4 Kg6 45. Be8+ Kh6 46. Bf7 Kg7 47.
Bxh5 Kf6 48. Be8 Ng8 49. Bd7 Nh6 50. h5 Ng4 51. Bxf5 Ne5 52. h6 Nf7 53. g4 Ng5
54. h7 Nf7 55. g5+ Kg7 56. g6 Ne5 57. b3 Kh8 58. Kg5 1-0

[Event "Elite-ch POM"]
[Site "Montreal CAN"]
[Date "2013.10.11"]
[Round "1"]
[White "Chiku-Ratte, Olivier-Kenta"]
[Black "Le Duin, Thierry"]
[Result "1-0"]
[WhiteElo "2206"]
[BlackElo "2051"]
[PlyCount "173"]
[EventDate "2013.10.11"]
[EventType "swiss"]
[EventRounds "7"]
[EventCountry "CAN"]

1. d4 Nf6 2. c4 c6 3. Nc3 d5 4. Nf3 Bg4 5. Ne5 Bh5 6. cxd5 Nxd5 7. g3 e6 8. Bg2
Nd7 9. Nd3 Bd6 10. O-O O-O 11. Nxd5 exd5 12. Nf4 Bg4 13. f3 Bf5 14. e4 Be6 15.
e5 Bc7 16. Nxe6 fxe6 17. Bh3 Qe7 18. f4 g6 19. Qg4 Rae8 20. Bd2 Bb6 21. Bc3 c5
22. Rad1 cxd4 23. Bxd4 Bxd4+ 24. Rxd4 Qc5 25. Rfd1 Nb8 26. Kh1 Nc6 27. R4d3 Rf7
28. Qe2 Qc4 29. b3 Qb5 30. Qb2 a5 31. Rc3 Ree7 32. Rdc1 Kg7 33. Qa3 Qb4 34. Qb2
Qe4+ 35. Qg2 Qxg2+ 36. Kxg2 Rf8 37. a4 Rd8 38. Kf3 Kf7 39. Bf1 Rc7 40. Bb5 Rdc8
41. Kf2 Ke7 42. Bd3 Kd8 43. Be2 Nd4 44. Rxc7 Rxc7 45. Rxc7 Kxc7 46. Bd1 Kc6 47.
Ke3 Kc5 48. Kd3 b6 49. Kc3 Nf5 50. Bf3 Nd4 51. Bg4 Nf5 52. Bh3 Nd4 53. Bf1 Nf3
54. Bb5 Nxh2 55. Bd7 Nf1 56. g4 d4+ 57. Kd3 Kd5 58. Bb5 Ne3 59. g5 Kc5 60. Bd7
Nd5 61. Ke4 Nc7 62. Kd3 Kd5 63. Bc8 Kc5 64. Bb7 Nd5 65. Ke4 Nc3+ 66. Kf3 Nd5
67. Ba6 Nc3 68. Bd3 Nd5 69. Bc4 Nc7 70. Ke4 Kc6 71. Kxd4 Kd7 72. Kc3 Ke7 73. b4
axb4+ 74. Kxb4 Kd8 75. a5 bxa5+ 76. Kxa5 Ke7 77. Kb6 Ne8 78. Kc5 Ng7 79. Be2
Nf5 80. Bg4 Ne3 81. Bh3 Nd1 82. Kd4 Nb2 83. Bg2 Na4 84. Bc6 Nb2 85. Kc3 Nd1+
86. Kd2 Nf2 87. Bf3 1-0

[Event "Elite-ch POM"]
[Site "Montreal CAN"]
[Date "2013.10.12"]
[Round "2"]
[White "Zhu, Hong Rui"]
[Black "Chiku-Ratte, Olivier-Kenta"]
[Result "1/2-1/2"]
[WhiteElo "2070"]
[BlackElo "2206"]
[PlyCount "74"]
[EventDate "2013.10.11"]
[EventType "swiss"]
[EventRounds "7"]
[EventCountry "CAN"]

1. e4 c5 2. Nf3 d6 3. d4 cxd4 4. Nxd4 Nf6 5. Nc3 g6 6. Be3 Bg7 7. f3 Nc6 8. Qd2
O-O 9. O-O-O d5 10. Qe1 e5 11. Nxc6 bxc6 12. exd5 Nxd5 13. Bc4 Be6 14. Ne4 Qc7
15. Bc5 Rfd8 16. h4 h6 17. g4 Nf4 18. Bxe6 Rxd1+ 19. Qxd1 Nxe6 20. Bd6 Qb6 21.
Qd2 Nd4 22. c3 Ne6 23. g5 h5 24. Rd1 Rd8 25. Qe1 Nf4 26. Nf6+ Bxf6 27. gxf6 Qa6
28. Qe3 c5 29. Bxc5 Ne2+ 30. Qxe2 Qxe2 31. Rxd8+ Kh7 32. Rf8 Qc4 33. Be3 Qxh4
34. Rxf7+ Kg8 35. Rg7+ Kh8 36. Rxg6 Qe1+ 37. Kc2 Qxe3 1/2-1/2

[Event "Elite-ch POM"]
[Site "Montreal CAN"]
[Date "2013.10.12"]
[Round "3"]
[White "Chiku-Ratte, Olivier-Kenta"]
[Black "Corriveau, Philippe"]
[Result "1-0"]
[WhiteElo "2206"]
[BlackElo "2031"]
[PlyCount "33"]
[EventDate "2013.10.11"]
[EventType "swiss"]
[EventRounds "7"]
[EventCountry "CAN"]

1. d4 d5 2. c4 c6 3. Nf3 Nf6 4. Nc3 dxc4 5. a4 e6 6. e3 c5 7. Bxc4 Nc6 8. O-O
Be7 9. Qe2 cxd4 10. exd4 O-O 11. Rd1 Nb4 12. Bg5 Bd7 13. d5 exd5 14. Nxd5 Nfxd5
15. Bxe7 Nxe7 16. Ne5 Qe8 17. Nxd7 1-0

[Event "Elite-ch POM"]
[Site "Montreal CAN"]
[Date "2013.10.13"]
[Round "4"]
[White "Yu, Zong Yang"]
[Black "Chiku-Ratte, Olivier-Kenta"]
[Result "1/2-1/2"]
[WhiteElo "2071"]
[BlackElo "2206"]
[PlyCount "229"]
[EventDate "2013.10.11"]
[EventType "swiss"]
[EventRounds "7"]
[EventCountry "CAN"]

1. d4 Nf6 2. c4 c5 3. Nf3 cxd4 4. Nxd4 g6 5. Nc3 Bg7 6. e4 d6 7. Be2 O-O 8. O-O
Nc6 9. Be3 Nxd4 10. Bxd4 Bd7 11. Qd2 Bc6 12. f3 a5 13. Rab1 Nd7 14. Be3 Nc5 15.
b3 Qb6 16. Rfc1 Rfc8 17. Rc2 h5 18. Qc1 Be5 19. a3 Qd8 20. Qd2 Kh7 21. Bf1 b6
22. Qf2 e6 23. b4 axb4 24. axb4 Nd7 25. Ne2 b5 26. Nd4 bxc4 27. Nxc6 Rxc6 28.
b5 Rcc8 29. b6 Rab8 30. Rxc4 Nc5 31. f4 Bg7 32. e5 Nb7 33. Rxc8 Qxc8 34. Rc1
Qe8 35. Rc7 dxe5 36. fxe5 Bxe5 37. Qxf7+ Qxf7 38. Rxf7+ Kg8 39. Re7 Nd8 40. Bd3
Kf8 41. Rd7 Ke8 42. Ra7 g5 43. Bg6+ Kf8 44. Bxh5 Nc6 45. Rf7+ Kg8 46. Rd7 Bf4
47. Bc5 Ne5 48. Rd1 Nc4 49. Bg4 Kf7 50. Rd7+ Kf6 51. Rh7 Be3+ 52. Bxe3 Nxe3 53.
Rh6+ Kg7 54. Rxe6 Nxg4 55. h3 Kf7 56. Rd6 Nf6 57. Kh2 Rb7 58. Rc6 Nd5 59. Rc5
Ke6 60. Rc6+ Ke5 61. Rg6 Kf5 62. Rd6 Nxb6 63. g4+ Kf4 64. Rf6+ Ke4 65. Rg6 Nd5
66. Rxg5 Rb3 67. Rg8 Nf4 68. Ra8 Rxh3+ 69. Kg1 Rg3+ 70. Kf2 Rg2+ 71. Kf1 Rxg4
72. Ra4+ Ke3 73. Ra3+ Nd3 74. Ra2 Rg8 75. Ra3 Rc8 76. Kg2 Rc1 77. Kh2 Ke2 78.
Kg2 Rc5 79. Ra2+ Ke3 80. Ra3 Rc2+ 81. Kg3 Rc4 82. Kg2 Ke4 83. Ra2 Nf4+ 84. Kf2
Rc3 85. Ra4+ Kf5 86. Ra2 Kg4 87. Ke1 Kf3 88. Kd2 Rd3+ 89. Kc2 Ke2 90. Ra5 Ng2
91. Rh5 Ne3+ 92. Kb2 Rd6 93. Kc3 Rd3+ 94. Kb4 Rd4+ 95. Kc5 Kd3 96. Kc6 Kc4 97.
Rc5+ Kb4 98. Rb5+ Kc3 99. Rc5+ Nc4 100. Rh5 Rg4 101. Kc5 Ne3 102. Rh3 Kd3 103.
Rh5 Kc3 104. Re5 Rc4+ 105. Kd6 Kd3 106. Rc5 Rh4 107. Rg5 Kd4 108. Rg6 Rh8 109.
Kc6 Rc8+ 110. Kb7 Rc4 111. Rh6 Nf5 112. Rc6 Rb4+ 113. Rb6 Nd6+ 114. Kc6 Rxb6+
115. Kxb6 1/2-1/2

[Event "Elite-ch POM"]
[Site "Montreal CAN"]
[Date "2013.10.13"]
[Round "5"]
[White "Chiku-Ratte, Olivier-Kenta"]
[Black "Turcotte, Jonathan"]
[Result "1-0"]
[WhiteElo "2206"]
[BlackElo "2022"]
[PlyCount "57"]
[EventDate "2013.10.11"]
[EventType "swiss"]
[EventRounds "7"]
[EventCountry "CAN"]

1. d4 d5 2. c4 c6 3. Nf3 Nf6 4. Nc3 e6 5. e3 Nbd7 6. Bd3 dxc4 7. Bxc4 b5 8. Bd3
Bb7 9. a3 a6 10. b4 a5 11. Rb1 axb4 12. axb4 Bd6 13. O-O O-O 14. e4 e5 15. Ne2
Qe7 16. Ng3 g6 17. Bg5 Ra4 18. dxe5 Nxe5 19. Nxe5 Qxe5 20. Bc2 Rxb4 21. f4 Qc5+
22. Kh1 Ng4 23. Qxg4 Qxc2 24. Rbc1 Qd3 25. Rcd1 Rd4 26. Rxd3 Rxd3 27. Qd7 Bc8
28. Qxc6 b4 29. e5 1-0

[Event "Elite-ch POM"]
[Site "Montreal CAN"]
[Date "2013.10.14"]
[Round "6"]
[White "Chiku-Ratte, Olivier-Kenta"]
[Black "Sambuev, Bator"]
[Result "0-1"]
[WhiteElo "2206"]
[BlackElo "2575"]
[PlyCount "128"]
[EventDate "2013.10.11"]
[EventType "swiss"]
[EventRounds "7"]
[EventCountry "CAN"]

1. d4 d5 2. c4 c6 3. e3 e6 4. Nc3 Bd6 5. Bd3 f5 6. Nge2 Nf6 7. Qc2 O-O 8. f3
Kh8 9. O-O Nbd7 10. Bd2 a6 11. e4 fxe4 12. fxe4 dxc4 13. Bxc4 e5 14. Be6 exd4
15. Nxd4 Ne5 16. Bxc8 Bc5 17. Bf5 Bxd4+ 18. Kh1 g6 19. Bh3 Nfg4 20. Bf4 Be3 21.
Bg3 Qg5 22. Qe2 Bf4 23. Bxf4 Rxf4 24. Rxf4 Qxf4 25. g3 Nf2+ 26. Kg2 Nxh3 27.
Kxh3 Qg5 28. Kg2 b5 29. a3 a5 30. h4 Qe7 31. Rd1 Rf8 32. Rf1 Re8 33. Re1 h5 34.
a4 b4 35. Nd1 Kg7 36. Nf2 Qf6 37. Rf1 Rf8 38. Nd1 Qxf1+ 39. Qxf1 Rxf1 40. Kxf1
Kf6 41. Ke2 Ke6 42. Ne3 Kd6 43. b3 c5 44. Kd2 Ke6 45. Ke2 Nc6 46. Kd3 Nd4 47.
Kc4 Ke5 48. Nd5 Kxe4 49. Ne7 Nf3 50. Kxc5 Nd2 51. Nxg6 Nxb3+ 52. Kd6 Nd4 53.
Ne5 b3 54. Nc4 Kd3 55. Kc5 Nf5 56. Na3 b2 57. Kb5 Nd6+ 58. Kc5 Nc4 59. Nb1 Nd2
60. Na3 Kc3 61. g4 hxg4 62. h5 g3 63. h6 g2 64. Nb5+ Kd3 0-1

[Event "Rapides de Montreal"]
[Site "Montreal CAN"]
[Date "2013.10.03"]
[Round "1"]
[White "Prahov, Valentin"]
[Black "Chiku-Ratte, Olivier-Kenta"]
[Result "0-1"]
[WhiteElo "2205"]
[BlackElo "2227"]
[PlyCount "74"]
[EventDate "2013.10.04"]
[EventType "game"]
[EventRounds "2"]
[EventCountry "CAN"]

1. e4 c5 2. d4 cxd4 3. c3 Nf6 4. e5 Nd5 5. cxd4 Nc6 6. Nf3 g6 7. Nc3 Nxc3 8.
bxc3 Bg7 9. Bc4 d6 10. exd6 Qxd6 11. O-O O-O 12. h3 b6 13. Re1 Bb7 14. a4 Bf6
15. Ba3 Qc7 16. Ba2 Rfd8 17. Qe2 e6 18. Rac1 Rac8 19. Qe3 Ne7 20. Ng5 Nd5 21.
Bxd5 Bxd5 22. Ne4 Bg7 23. Qg5 Bxe4 24. Rxe4 Qc6 25. Rf4 Qxa4 26. Be7 Rd5 27.
Qh4 Rxd4 28. Rxd4 Bxd4 29. Bf6 Qa3 30. Bxd4 Qxc1+ 31. Kh2 h5 32. Qf6 Qh6 33. g3
Rf8 34. h4 Kh7 35. f4 g5 36. Qe5 gxf4 37. gxf4 Qg6 0-1

[Event "Rapides de Montreal"]
[Site "Montreal CAN"]
[Date "2013.10.04"]
[Round "2"]
[White "Chiku-Ratte, Olivier-Kenta"]
[Black "Prahov, Valentin"]
[Result "1/2-1/2"]
[WhiteElo "2227"]
[BlackElo "2205"]
[PlyCount "179"]
[EventDate "2013.10.04"]
[EventType "game"]
[EventRounds "2"]
[EventCountry "CAN"]

1. d4 Nf6 2. c4 g6 3. Nc3 d5 4. cxd5 Nxd5 5. Bd2 Bg7 6. e4 Nb6 7. Be3 O-O 8.
Bb5 a6 9. Be2 f5 10. Qb3+ Kh8 11. Nf3 f4 12. Bd2 Nc6 13. d5 Ne5 14. O-O Qd6 15.
Nxe5 Bxe5 16. Bf3 g5 17. h3 Bd7 18. a4 Rab8 19. Ne2 Rg8 20. Bc3 g4 21. hxg4
Bxg4 22. Bxe5+ Qxe5 23. Bxg4 Rxg4 24. f3 Rg6 25. Qc3 Qxc3 26. bxc3 Rf8 27. Nd4
Nc4 28. Ne6 Rf7 29. Rfe1 c6 30. Rad1 cxd5 31. exd5 Ne3 32. Nxf4 Rxf4 33. Rxe3
Rxa4 34. Rxe7 Ra2 35. g4 Rd6 36. Rxb7 Rc2 37. Rc7 Rb6 38. Rc6 Rbb2 39. Rh6 Kg7
40. Rh5 Rxc3 41. d6 Rc8 42. d7 Rd8 43. Rc5 Rb7 44. Rc6 Rbxd7 45. Rxd7+ Rxd7 46.
Rxa6 Rd2 47. Re6 h6 48. Re1 Kg6 49. Rf1 Kg5 50. Rf2 Rd1+ 51. Kg2 Kf4 52. Ra2
Rd4 53. Rf2 Ra4 54. Kh3 Ra1 55. Kg2 h5 56. gxh5 Kg5 57. Kg3 Rg1+ 58. Rg2 Rxg2+
59. Kxg2 Kxh5 60. Kf2 Kg5 61. Ke2 Kf4 62. Kf2 Kf5 63. Kg3 Kg5 64. f4+ Kf5 65.
Kf3 Kf6 66. Kg4 Kg6 67. Kh4 Kf5 68. Kg3 Kf6 69. Kg4 Kg6 70. Kg3 Kf6 71. Kg4 Kg6
72. Kf3 Kf5 73. Ke3 Ke6 74. Ke4 Kf6 75. f5 Kf7 76. Kf4 Kf6 77. Ke4 Kf7 78. Ke5
Ke7 79. Ke4 Kf6 80. Kf4 Kg7 81. Kg5 Kf7 82. f6 Kf8 83. Kf4 Kf7 84. Ke5 Kf8 85.
Ke6 Ke8 86. Ke5 Kf7 87. Kf5 Kf8 88. Kg6 Kg8 89. f7+ Kf8 90. Kf6 1/2-1/2

[Event "Mercredi 2013.10.02 ABCD"]
[Site "Montreal CAN"]
[Date "2013.10.25"]
[Round "1"]
[White "Levkovsky, Alexandre"]
[Black "Chiku-Ratte, Olivier-Kenta"]
[Result "0-1"]
[WhiteElo "2299"]
[BlackElo "2206"]
[PlyCount "68"]
[EventDate "2013.10.02"]
[EventType "tourn"]
[EventRounds "5"]
[EventCountry "CAN"]

1. d4 Nf6 2. c4 c5 3. d5 e6 4. Nc3 exd5 5. cxd5 d6 6. Nf3 g6 7. Bf4 a6 8. a4
Bg7 9. e3 O-O 10. Be2 Re8 11. Nd2 Nbd7 12. Nc4 Ne4 13. Nxe4 Rxe4 14. Nxd6 Rb4
15. O-O Bxb2 16. Rb1 Be5 17. Rxb4 cxb4 18. Bxe5 Nxe5 19. Nc4 Nxc4 20. Bxc4 Qd6
21. Qd4 Bd7 22. e4 Rc8 23. Bb3 Qc5 24. Qxc5 Rxc5 25. f4 Rc3 26. Rb1 a5 27. e5
b5 28. e6 fxe6 29. dxe6 Rxb3 30. Rxb3 Bxe6 31. Re3 bxa4 32. Rxe6 a3 33. Ra6 b3
34. Rxa5 b2 0-1

[Event "Mercredi 2013.10.02 ABCD"]
[Site "Montreal CAN"]
[Date "2013.10.09"]
[Round "2"]
[White "Cloutier, Mathieu"]
[Black "Chiku-Ratte, Olivier-Kenta"]
[Result "1-0"]
[WhiteElo "2104"]
[BlackElo "2206"]
[PlyCount "93"]
[EventDate "2013.10.02"]
[EventType "tourn"]
[EventRounds "5"]
[EventCountry "CAN"]

1. e4 c5 2. Nf3 d6 3. d4 cxd4 4. Nxd4 Nf6 5. Nc3 g6 6. Be3 Bg7 7. f3 Nc6 8. Bc4
O-O 9. Qd2 Bd7 10. h4 h5 11. O-O-O Rc8 12. Bb3 Ne5 13. Bg5 Rc5 14. Kb1 Re8 15.
g4 hxg4 16. h5 Nxh5 17. Rxh5 gxh5 18. Qh2 Qa5 19. Qxh5 Ng6 20. f4 Rxg5 21. fxg5
e6 22. Qxg4 b5 23. Nce2 b4 24. Qh5 Qe5 25. c3 bxc3 26. Nxc3 a5 27. Nf5 Nf4 28.
Nh6+ Bxh6 29. Qxh6 Rb8 30. Rh1 Ng6 31. Qh7+ Kf8 32. Rf1 Qg7 33. Qh3 Ke7 34. Qe3
Qe5 35. Qa7 Rb4 36. Rxf7+ Kxf7 37. Qxd7+ Ne7 38. g6+ Kf6 39. Qd8 a4 40. g7 Qg3
41. e5+ Kxe5 42. Qa5+ Nd5 43. Nxd5 Qd3+ 44. Kc1 Qf1+ 45. Bd1 Rc4+ 46. Nc3+ Rc5
47. Qxc5+ 1-0

[Event "Mercredi 2013.10.02 ABCD"]
[Site "Montreal CAN"]
[Date "2013.10.16"]
[Round "3"]
[White "Chiku-Ratte, Olivier-Kenta"]
[Black "Leveille, Francois"]
[Result "0-1"]
[WhiteElo "2206"]
[BlackElo "2342"]
[PlyCount "90"]
[EventDate "2013.10.02"]
[EventType "tourn"]
[EventRounds "5"]
[EventCountry "CAN"]

1. d4 Nf6 2. c4 g6 3. Nc3 Bg7 4. e4 d6 5. f4 O-O 6. Nf3 c5 7. d5 e6 8. Be2 exd5
9. cxd5 Nbd7 10. O-O Re8 11. Nd2 a6 12. a4 Rb8 13. Kh1 h5 14. e5 dxe5 15. Nc4
e4 16. f5 Nb6 17. fxg6 fxg6 18. Bf4 Bg4 19. Nd6 Rf8 20. a5 Nbd7 21. Bxg4 Nxg4
22. Ndxe4 Nge5 23. d6 Kh8 24. Nd5 Qh4 25. g3 Qg4 26. Qc2 c4 27. Ng5 Qf5 28. Qg2
Nd3 29. Ne7 Qf6 30. Be3 Qxd6 31. Nf7+ Rxf7 32. Rxf7 N7e5 33. Nxg6+ Qxg6 34.
Rxb7 Rxb7 35. Qxb7 Nc6 36. Qc8+ Kh7 37. Bb6 Qe4+ 38. Kg1 Nd4 39. h3 Qe3+ 40.
Kh1 Qf3+ 41. Kh2 Ne1 42. Rxe1 Qf2+ 43. Kh1 Qxe1+ 44. Kg2 Qe2+ 45. Kh1 Qf1+ 0-1

[Event "Mercredi 2013.10.02 ABCD"]
[Site "Montreal CAN"]
[Date "2013.10.23"]
[Round "4"]
[White "Tremblay, Alain"]
[Black "Chiku-Ratte, Olivier-Kenta"]
[Result "0-1"]
[WhiteElo "2078"]
[BlackElo "2206"]
[PlyCount "100"]
[EventDate "2013.10.02"]
[EventType "tourn"]
[EventRounds "5"]
[EventCountry "CAN"]

1. b4 e6 2. Bb2 Nf6 3. a3 Be7 4. e3 O-O 5. Nf3 b6 6. Be2 Bb7 7. O-O c5 8. b5 a5
9. d3 d5 10. Nbd2 Nbd7 11. c4 Bd6 12. h3 Qb8 13. Qc2 Ne5 14. cxd5 Bxd5 15. e4
Bb7 16. Nxe5 Bxe5 17. Bxe5 Qxe5 18. Nc4 Qc7 19. f4 Rad8 20. Rae1 Rd4 21. Ne5
Nd7 22. Nf3 Rd6 23. Rc1 Rc8 24. Qc3 c4 25. e5 Rd5 26. a4 Nc5 27. Qxc4 Qd7 28.
d4 Ne4 29. Qd3 Ng3 30. Rxc8+ Qxc8 31. Rd1 Rd8 32. Qd2 Nf5 33. Qb2 Qd7 34. Kh2
Qd5 35. Qc3 Qe4 36. Qd3 Qxf4+ 37. Kg1 Qg3 38. Qc3 Rc8 39. Qd2 Be4 40. Rc1 Rd8
41. Rc6 Bxf3 42. Bxf3 h6 43. Qf2 Qg5 44. Be4 Nxd4 45. Rc7 Nf5 46. Bxf5 exf5 47.
e6 fxe6 48. Rc6 Qf6 49. Qe3 Kh7 50. Rxe6 Rd1+ 0-1

[Event "Mercredi 2013.10.02 ABCD"]
[Site "Montreal CAN"]
[Date "2013.10.30"]
[Round "5"]
[White "Chiku-Ratte, Olivier-Kenta"]
[Black "Chabot, Roland"]
[Result "1-0"]
[WhiteElo "2206"]
[BlackElo "2137"]
[PlyCount "83"]
[EventDate "2013.10.02"]
[EventType "tourn"]
[EventRounds "5"]
[EventCountry "CAN"]

1. d4 d6 2. c4 e5 3. Nf3 e4 4. Nfd2 f5 5. e3 Nf6 6. Nc3 c5 7. a3 Nc6 8. b4 cxd4
9. exd4 Be7 10. Nb3 a6 11. Be2 O-O 12. O-O Kh8 13. Be3 d5 14. c5 Ne8 15. g3 Nc7
16. f4 Ne6 17. Na4 g5 18. Nb6 Rb8 19. Qd2 h6 20. Kh1 gxf4 21. gxf4 Bf6 22. Rg1
Ne7 23. Rg3 Bd7 24. Rag1 Be8 25. Rh3 Kh7 26. Qd1 Ng7 27. Qf1 Ng8 28. Qg2 Bf7
29. Rg3 Ne6 30. Qh3 Ng7 31. Nd2 Be8 32. Qg2 Rf7 33. Bf2 Re7 34. Nf1 Rf7 35. Rh3
Re7 36. Ng3 e3 37. Be1 Bf7 38. Bd3 Re4 39. Bxe4 dxe4 40. Ne2 Qe8 41. Bh4 Qe7
42. Bxf6 1-0

[Event "Montreal op"]
[Site "Montreal CAN"]
[Date "2013.09.06"]
[Round "1"]
[White "Chiku-Ratte, Olivier-Kenta"]
[Black "Zhu, Hong Rui"]
[Result "1/2-1/2"]
[WhiteElo "2263"]
[BlackElo "2066"]
[PlyCount "66"]
[EventDate "2013.09.06"]
[EventType "swiss"]
[EventRounds "5"]
[EventCountry "CAN"]

1. d4 d5 2. c4 e6 3. Nc3 Nf6 4. cxd5 exd5 5. Bg5 Be7 6. Qc2 O-O 7. e3 c6 8. Bd3
Nbd7 9. Nf3 Re8 10. O-O Nf8 11. h3 Be6 12. Rab1 Ne4 13. Bxe7 Rxe7 14. b4 Nxc3
15. Qxc3 Rc7 16. Rbc1 Rac8 17. Qb2 Nd7 18. Rc3 Qf6 19. Kh2 Bf5 20. Bxf5 Qxf5
21. Qa3 a6 22. Qa5 Nf6 23. Nd2 Ne8 24. Kg1 Nd6 25. Rfc1 Nb5 26. Rb3 Nd6 27. a4
Qd7 28. Qb6 Qe7 29. Qc5 g6 30. Nb1 Qf6 31. Qc2 Ne4 32. Nc3 Nd6 33. a5 Re7
1/2-1/2

[Event "Montreal op"]
[Site "Montreal CAN"]
[Date "2013.09.07"]
[Round "2"]
[White "Lopez Linares, Lizandro"]
[Black "Chiku-Ratte, Olivier-Kenta"]
[Result "0-1"]
[WhiteElo "2059"]
[BlackElo "2263"]
[PlyCount "64"]
[EventDate "2013.09.06"]
[EventType "swiss"]
[EventRounds "5"]
[EventCountry "CAN"]

1. d4 Nf6 2. Bg5 c5 3. Bxf6 gxf6 4. e3 Qb6 5. b3 f5 6. Nf3 Bg7 7. Be2 Nc6 8. c3
cxd4 9. exd4 O-O 10. O-O d5 11. Qd3 e6 12. Nbd2 Bd7 13. Rfd1 Rfd8 14. b4 Qc7
15. g3 Ne7 16. a4 f6 17. Nb3 e5 18. Qd2 b6 19. Nh4 Be6 20. Ng2 Nc8 21. f4 Nd6
22. Qe3 Nc4 23. Bxc4 dxc4 24. Nc1 Bd5 25. Ne2 Qb7 26. Nh4 Be4 27. Rd2 Re8 28.
fxe5 fxe5 29. dxe5 Rxe5 30. Nd4 Rae8 31. Qf4 Bd3 32. Nhf3 Re3 0-1

[Event "Montreal op"]
[Site "Montreal CAN"]
[Date "2013.09.07"]
[Round "3"]
[White "Chiku-Ratte, Olivier-Kenta"]
[Black "Sprumont, Oscar"]
[Result "1-0"]
[WhiteElo "2263"]
[BlackElo "1964"]
[PlyCount "45"]
[EventDate "2013.09.06"]
[EventType "swiss"]
[EventRounds "5"]
[EventCountry "CAN"]

1. d4 Nf6 2. c4 g6 3. Nc3 d5 4. cxd5 Nxd5 5. Bd2 Bg7 6. e4 Nb6 7. Be3 Nc6 8. d5
Ne5 9. Bd4 f6 10. f4 Nf7 11. Nf3 e5 12. fxe5 fxe5 13. Be3 Bd7 14. Be2 c6 15.
O-O O-O 16. dxc6 Bxc6 17. Qb3 Qe7 18. Bxb6 axb6 19. Qxb6 Nd6 20. Qb4 Rae8 21.
Rad1 Nxe4 22. Qc4+ Qe6 23. Nxe4 1-0

[Event "Montreal op"]
[Site "Montreal CAN"]
[Date "2013.09.08"]
[Round "5"]
[White "Chiku-Ratte, Olivier-Kenta"]
[Black "Prahov, Valentin"]
[Result "0-1"]
[WhiteElo "2263"]
[BlackElo "2135"]
[PlyCount "84"]
[EventDate "2013.09.06"]
[EventType "swiss"]
[EventRounds "5"]
[EventCountry "CAN"]

1. d4 Nf6 2. c4 g6 3. Nc3 d5 4. cxd5 Nxd5 5. Bd2 Bg7 6. e4 Nb6 7. Be3 O-O 8.
Bb5 a6 9. Be2 f5 10. exf5 Bxf5 11. Nf3 Nc6 12. O-O Qd6 13. Na4 Nd5 14. Rc1 Kh8
15. Nc5 b6 16. Nb3 Nxe3 17. fxe3 Bh6 18. Rc3 Nb4 19. Ne5 Nd5 20. Rc6 Bxe3+ 21.
Kh1 Qd8 22. Bf3 a5 23. g4 Bc8 24. Bg2 Bf4 25. Qf3 e6 26. Qh3 Kg8 27. a4 Ne3 28.
Rxf4 Nxg2 29. Rxf8+ Qxf8 30. Qxg2 Bb7 31. d5 Rd8 32. Qf3 Rxd5 33. Qxf8+ Kxf8
34. Kg1 Rxe5 35. Rxc7 Bd5 36. Nd2 Re2 37. Rc2 Ke7 38. h3 Kd7 39. Kf1 Rh2 40.
Ke1 Rxh3 41. Nc4 Rh1+ 42. Kd2 Rh2+ 0-1

[Event "Mercredi 2013.08.28 ABCD"]
[Site "Montreal CAN"]
[Date "2013.08.28"]
[Round "1"]
[White "Chiku-Ratte, Olivier-Kenta"]
[Black "Chabot, Roland"]
[Result "0-1"]
[WhiteElo "2263"]
[BlackElo "2118"]
[PlyCount "130"]
[EventDate "2013.08.28"]
[EventType "tourn"]
[EventRounds "5"]
[EventCountry "CAN"]

1. c4 e5 2. g3 d6 3. Bg2 f5 4. d3 Nf6 5. Nc3 Be7 6. Nf3 O-O 7. O-O Qe8 8. Rb1
Qh5 9. Nd2 c6 10. b4 f4 11. Nde4 Bh3 12. f3 Nbd7 13. e3 Nxe4 14. Nxe4 Bxg2 15.
Kxg2 fxg3 16. hxg3 d5 17. cxd5 cxd5 18. Qb3 Qf7 19. Nc3 Nf6 20. Bb2 Rad8 21.
Ne2 Bd6 22. Rbc1 Kh8 23. a3 Qh5 24. Qc2 Qg5 25. f4 Qh5 26. Rh1 Qf5 27. Rcf1 Ng4
28. Qd2 Qe6 29. Bc1 Rde8 30. Rf3 Bc7 31. Qc2 Bb6 32. d4 e4 33. Rff1 Rc8 34. Qd2
Rc4 35. Bb2 Rfc8 36. Rc1 R8c6 37. Nc3 Bd8 38. Rh5 Nf6 39. Rh4 Be7 40. Rhh1 a6
41. Ba1 b5 42. Bb2 Qc8 43. Rc2 Qg4 44. Qd1 Qc8 45. Qd2 Qf5 46. Rcc1 Qg4 47. Qd1
Qc8 48. Qb3 Qf5 49. Qd1 Qd7 50. Qd2 Qc8 51. Rc2 a5 52. bxa5 b4 53. axb4 Bxb4
54. Rhc1 Bxa5 55. Ba1 h6 56. Kg1 Ne8 57. f5 Qxf5 58. Rf1 Qg6 59. Rf8+ Kh7 60.
Kg2 Nd6 61. Ra8 Bb4 62. Rb8 Nf5 63. Rxb4 Qxg3+ 64. Kh1 Qf3+ 65. Kh2 Rg6 0-1